000 00431nam a2200157 i 4500
001 43367
003 ES-MaACL
005 20230906160758.0
007 t|
008 030317s1963 sp ||||1| spa d
100 1 _aCastro Delgado, Enrique.
_936919
245 1 0 _aHombres made in MoscĂș /
_cEnrique Castro Delgado.
260 _aBarcelona :
_bCaralt,
_c[1963]
300 _a660 p. ;
_c25 cm.
852 _aES-MaACL
_jC-23613
_bR.52392
999 _c43367
_d43367